000 01554cam a2200445 i 4500
001 xx004786230
003 NUKAT
005 20260401111315.0
008 200115s2019 pl a |010 0 pol c
020 _a9788366075320
_q(oprawa twarda)
035 _a(OCoLC)1150640151
035 _a(NUKAT)xx004786230
040 _aWA M/MM
_bpol
_erda
_cWA M/MM
_dWA M/LS
_dWA U/EBAs
_dOLSZT 008/bak
045 2 _bd1945
_bd2018
046 _k2019
100 1 _aKozłowska, Ewa
_d(1972- ).
_eAutor
_939386
245 1 0 _aOlecko 1945-2018 /
_cEwa Kozłowska.
260 _aOlecko ;
_aOlsztyn :
_bPracownia Wydawnicza ElSet,
_c2019.
300 _a654, [2] strony :
_bilustracje kolorowe ;
_c25 cm.
336 _aTekst
_btxt
_2rdacontent
337 _aBez urządzenia pośredniczącego
_bn
_2rdamedia
338 _aWolumin
_bnc
_2rdacarrier
380 _aKsiążki
380 _aLiteratura faktu, eseje, publicystyka
388 1 _a2001-
504 _aBibliografia na stronie 650.
536 _aWydano ze środków Gminy Olecko
648 7 _a1901-2000
_2DBN
_934996
648 7 _a1945-1989
_2DBN
_936043
648 7 _a1989-2000
_2DBN
_936156
648 7 _a2001-
_2DBN
_936393
651 7 _aOlecko (woj. warmińsko-mazurskie)
_2DBN
_939387
651 7 _aOlecko (Polska)
_y1945-1990.
_2kaba
_939388
651 7 _aOlecko (Polska)
_y1990-.
_2kaba
_939389
655 7 _aOpracowanie
_2DBN
_935024
658 _aHistoria
710 2 _aPracownia Wydawnicza "ElSet" Elżbieta Skóra.
_eWydawca
_4pbl
_912902
920 _a978-83-66075-32-0 (oprawa twarda)
942 _2ddc
_cBK_NM
999 _c27407
_d27407